000 01665nam a22003137a 4500
001 456
003 OSt
005 20250703150943.0
008 250703b |||||||j |||| 00| 1 eng d
020 _a9788543102894
040 _bpor
041 _heng
_apor
082 _aIJ 028.5
_bB724d
100 _aBooks, Herobrine
_9912
240 _aDiary of a Minecraft zombie #2
245 _aDiário de um zumbi do Minecraft:
_bParceiros e rivais /
_cBooks, Herobrine ; Tradução de Ana Ban.
260 _aRio de Janiero
_bSextante
_c2015
300 _a112 p.
520 _aA vida de um zumbi no ensino fundamental não é nada fácil. Seu zumbi de Minecraft preferido está de volta! (Falando sério: vai dizer que você conhecia outros?) Se você achava que o Ender Dragon e os golens de ferro eram perigosos, não imagina como é o dia a dia na Escola Monstro. Principalmente quando Mike Magma, o valentão da escola, une forças com Mutante, o aluno novo de 2 metros de altura com o peito do tamanho de uma casa. Nosso amigo zumbi será capaz de deter os valentões? E se conseguir, vai continuar inteiro para contar a história? Junte-se ao nosso herói, sua namorada, Sally Cadáver, e seus amigos Esquely, Slimey e Creepy para a derradeira batalha de suas vidas... uma partida de QUEIMADO! Prepare-se para mais emoção e mais sustos neste segundo volume!
650 0 _aInfantojuvenil
_9200
650 0 _aZumbi
_9914
650 0 _aMinecraft
_9915
650 0 _aAventura
_947
655 0 _aFicção
_922
655 0 _aRomance
_923
700 _aAna Ban
_eTradutor
_9203
830 _aDiário de um Zumbi do Minecraft
_9913
_vvol. 02
942 _2ddc
_n0
_cBK
999 _c456
_d456